Normal view
MARC view
Entry Personal Name
001 - CONTROL NUMBER
- control field: 16997
003 - CONTROL NUMBER IDENTIFIER
- control field: OSt
005 - DATE AND TIME OF LATEST TRANSACTION
- control field: 20240601143113.0
008 - FIXED-LENGTH DATA ELEMENTS
- fixed length control field: 240601|| aca||aabn | a|a d
040 ## - CATALOGING SOURCE
- Original cataloging agency: OSt
- Transcribing agency: OSt
100 ## - HEADING--PERSONAL NAME
- Personal name: Edited by Boesch, Christophe; Hohmann, Gottfried; Marchant, Linda F
670 ## - SOURCE DATA FOUND
- Source citation: Work cat.: (OSt)7018: Edited by Boesch, Christophe; Hohmann, Gottfried; Marchant, Linda F., Behavioural Diversity in Chimpanzees and Bonobos , 2002.
